Cẩm nang thiết kế Website

Enregistré dans:
Détails bibliographiques
Format: Livre
Tags: Ajouter un tag
Pas de tags, Soyez le premier à ajouter un tag!
Thư viện lưu trữ: Mạng thư viện Đại học Đà Nẵng
LEADER 00377nam a22001571a 4500
001 000035795
003 12087
005 20160318111220.0
008 160318s0 000
245 |a Cẩm nang thiết kế Website 
OWN |a LNN 
999 |a From the UDN01 
TYP |a Monograph 
980 |a Mạng thư viện Đại học Đà Nẵng